| 000 | 00984nam a2200133Ia 4500 | ||
|---|---|---|---|
| 008 | 220620s9999||||xx |||||||||||||| ||und|| | ||
| 100 | _aLópez-Roldán, Pedro||Fachelli, Sandra | ||
| 245 | 0 | _aTowards a Comparative Analysis of Social Inequalities between Europe and Latin America | |
| 546 | _aEnglish[eng] | ||
| 650 | _aSocial Structure, Social Inequality||Development and Social Change||Development Economics||Social Structure||Development Studies||Open access||Analytical Model of Social Inequalities and Trajectories||INCASI||inequality of opportunity||unemployment protection||labour market inequalities||inequality in education||digital divide||social stratification||social inequality at work||gender and inequality||Social & ethical issues||Development economics & emerging economies | ||
| 700 | _aLópez-Roldán, Pedro||Fachelli, Sandra | ||
| 856 | _uhttps://library.oapen.org/bitstream/20.500.12657/43275/1/2021_Book_TowardsAComparativeAnalysisOfS.pdf | ||
| 942 | _cEB | ||
| 999 |
_c29540 _d29540 |
||